Normal view
MARC view
- aqlain Zareef M. Danyal Aftab Umair Baig Mirza Yousaf Usman Daud
Entry Personal Name
001 - CONTROL NUMBER
- control field: 122851
003 - CONTROL NUMBER IDENTIFIER
- control field: NUST
005 - DATE AND TIME OF LATEST TRANSACTION
- control field: 20240522153043.0
008 - FIXED-LENGTH DATA ELEMENTS
- fixed length control field: 240522|| aca||aabn | a|a d
040 ## - CATALOGING SOURCE
- Original cataloging agency: NUST
- Transcribing agency: NUST
100 ## - HEADING--PERSONAL NAME
- Personal name: aqlain Zareef M. Danyal Aftab Umair Baig Mirza Yousaf Usman Daud
670 ## - SOURCE DATA FOUND
- Source citation: Work cat.: (NUST): aqlain Zareef M. Danyal Aftab Umair Baig Mirza Yousaf Usman Daud , PR-SOF-2317-Design And Development of A Power Supply Card For X-Ray Baggage Scanner, 2023.
